Family law digest : matrimonial property / (Record no. 747)
| 000 -LEADER | |
|---|---|
| fixed length control field | 01155cam a2200313 a 4500 |
| 001 - CONTROL NUMBER | |
| control field | 15768095 |
| 003 - CONTROL NUMBER IDENTIFIER | |
| control field | OSt |
| 005 - DATE AND TIME OF LATEST TRANSACTION | |
| control field | 20140116120837.0 |
| 008 - FIXED-LENGTH DATA ELEMENTS--GENERAL INFORMATION | |
| fixed length control field | 090609r20092002ke w 000 0 eng |
| 010 ## - LIBRARY OF CONGRESS CONTROL NUMBER | |
| LC control number | 2009349614 |
| 020 ## - INTERNATIONAL STANDARD BOOK NUMBER | |
| International Standard Book Number | 6164000597084 |
| 040 ## - CATALOGING SOURCE | |
| Transcribing agency | DLC |
| Language of cataloging | English |
| 042 ## - AUTHENTICATION CODE | |
| Authentication code | lcode |
| 043 ## - GEOGRAPHIC AREA CODE | |
| Geographic area code | f-ke--- |
| 050 00 - LIBRARY OF CONGRESS CALL NUMBER | |
| Classification number | KSK552. J86 2009 |
| 100 ## - MAIN ENTRY--PERSONAL NAME | |
| Personal name | Juma, Katarina . |
| 245 00 - TITLE STATEMENT | |
| Title | Family law digest : matrimonial property / |
| Statement of responsibility, etc | general editor, Charles Kanjama, assistant editor, Katarina Juma. |
| 260 ## - PUBLICATION, DISTRIBUTION, ETC. (IMPRINT) | |
| Place of publication, distribution, etc | Nairobi : |
| Name of publisher, distributor, etc | LawAfrica, |
| Date of publication, distribution, etc | 2009. |
| 300 ## - PHYSICAL DESCRIPTION | |
| Extent | xvii, 234 p. |
| 500 ## - GENERAL NOTE | |
| General note | Originally published: 2002. |
| 504 ## - BIBLIOGRAPHY, ETC. NOTE | |
| Bibliography, etc | Includes bibliographical references. |
| 505 ## - FORMATTED CONTENTS NOTE | |
| Formatted contents note | Spouses interest inter se under the MWPA---trust law and property rights against third parties---Miscellaneous matters. |
| 650 #0 - SUBJECT ADDED ENTRY--TOPICAL TERM | |
| Topical term or geographic name as entry element | Marital property |
| Geographic subdivision | Kenya |
| Form subdivision | Digests. |
| 650 #0 - SUBJECT ADDED ENTRY--TOPICAL TERM | |
| Topical term or geographic name as entry element | Women's rights |
| Geographic subdivision | Kenya |
| Form subdivision | Digests. |
| 700 1# - ADDED ENTRY--PERSONAL NAME | |
| Personal name | Kanjama, Charles. |
| 906 ## - LOCAL DATA ELEMENT F, LDF (RLIN) | |
| a | 7 |
| b | cbc |
| c | origode |
| d | 2 |
| e | ncip |
| f | 20 |
| g | y-gencatlg |
| 942 ## - ADDED ENTRY ELEMENTS (KOHA) | |
| Source of classification or shelving scheme | |
| Koha item type | Book |
| Withdrawn status | Lost status | Source of classification or shelving scheme | Damaged status | Not for loan | Home library | Current library | Shelving location | Date acquired | Cost, normal purchase price | Total Checkouts | Total Renewals | Full call number | Barcode | Date last seen | Date checked out | Copy number | Price effective from | Koha item type | Checked out |
|---|---|---|---|---|---|---|---|---|---|---|---|---|---|---|---|---|---|---|---|
| Riara University Library | Riara University Library | General stack | 28/10/2011 | 1300.00 | 36 | 3 | KSK552 .J86 2009 | 1033/11 | 06/12/2023 | 17/11/2023 | C.1 | 28/10/2011 | Book | ||||||
| Riara University Library | Riara University Library | General stack | 28/10/2011 | 1300.00 | 12 | KSK552 .J86 2009 | 1034/11 | 08/06/2015 | 08/06/2015 | C.2 | 28/10/2011 | Book | 24/06/2015 | ||||||
| Riara University Library | Riara University Library | General stack | 28/10/2011 | 1300.00 | 19 | 1 | KSK552 .J86 2009 | 1035/11 | 28/04/2022 | 11/04/2022 | C.3 | 28/10/2011 | Book | ||||||
| Riara University Library | Riara University Library | General stack | 19/07/2017 | 10 | 3 | KSK552.J86 2009 | 9029/17 | 12/01/2021 | 11/11/2020 | C.4 | 19/07/2017 | Book | |||||||
| Riara University Library | Riara University Library | General stack | 19/07/2017 | 4 | 1 | KSK552.J86 2009 | 9030/17 | 28/04/2022 | 19/04/2022 | C.5 | 19/07/2017 | Book | |||||||
| Riara University Library | Riara University Library | General stack | 19/07/2017 | 14 | 8 | KSK552.J86 2009 | 9031/17 | 27/02/2025 | 12/02/2025 | C.6 | 19/07/2017 | Book |
